| 000 | 00542nmm a2200193Ia 4500 | ||
|---|---|---|---|
| 008 | 251105s9999||||xx |||||||||||||||||und|| | ||
| 020 | _a9788433915153 | ||
| 041 | _acat | ||
| 100 | _aRàfols Gesa, Ferran | ||
| 245 | 0 | _aEl món resplendent | |
| 264 |
_a[Madrid, España] : _bEditorial Anagrama, _c2014 |
||
| 300 | _a384 páginas | ||
| 490 | _aLlibres Anagrama | ||
| 650 | _aSpanish narrative | ||
| 700 | _aRàfols Gesa, Ferran | ||
| 700 | 1 | _a Hustvedt, Siri | |
| 856 | _uhttps://public.digitaliapublishing.com/a/32368 | ||
| 942 | _cCF | ||
| 999 |
_c70294 _d70294 |
||